[Event "Bombeiros Fabom op 1st"]
[Site "Bombeiros"]
[Date "2020.02.13"]
[Round "1"]
[White "Abreu dos Santos, Diego"]
[Black "De Araujo, Mario Henrique"]
[Result "0-1"]
[WhiteElo "1545"]
[BlackElo "1895"]
[PlyCount "100"]
[EventDate "2020.02.13"]
[EventType "swiss"]
[EventRounds "6"]
[EventCountry "BRA"]
[SourceTitle "EXT 2021"]
[Source "ChessBase"]
[SourceDate "2020.10.23"]
[SourceVersion "1"]
[SourceVersionDate "2020.10.23"]
[SourceQuality "1"]

1. d4 d5 2. c4 c6 3. Nc3 Nf6 4. cxd5 cxd5 5. Nf3 e6 6. Bg5 Nbd7 7. e3 Qa5 8. Bxf6 Nxf6 9. Qa4+ Qxa4 10. Nxa4 Bb4+ 11. Nc3 Ne4 12. Rc1 Nxc3 13. bxc3 Ba3 14. Bb5+ Ke7 15. Rb1 f6 16. Ke2 Rd8 17. Rb3 Bd6 18. Rhb1 b6 19. Bd3 h6 20. c4 dxc4 21. Bxc4 Bd7 22. Ba6 Bc8 23. Bd3 Bd7 24. Ba6 Rab8 25. Nd2 Ba4 26. Rc3 b5 27. Rc6 b4 28. Rcc1 Kd7 29. Ne4 Bb5+ 30. Bxb5+ Rxb5 31. Nxd6 Kxd6 32. Rc4 Rdb8 33. Rbc1 R8b7 34. Rc6+ Kd7 35. Kd3 b3 36. axb3 Rxb3+ 37. R6c3 R3b6 38. e4 a5 39. d5 exd5 40. exd5 a4 41. Ra3 Rb3+ 42. Rxb3 Rxb3+ 43. Kc4 Rb2 44. Rf1 Kd6 45. Ra1 Rxf2 46. Rxa4 Rf4+ 47. Kb3 Rxa4 48. Kxa4 Kxd5 49. Kb3 Kd4 50. Kc2 Ke3 0-1